00581nam a2200169 i 450000100060000000300090000600500170001500700030003200800410003510000320007624500530010825000350016126000980019630000410029471000450033585200310038070699ES-MaACL20250907063048.0t|040802s1948 ag ||||1| spa d1 aGarma, Ángel, d1904-199310aPsicoanálisis de los sueños / cAngel Garma. a2ª ed., muy amp. e ilustrada. aBuenos Aires : bAsociación Psicoanalítica Argentina, c1948 (fSebastián de Amorrortu) a472 p., 17 lám. : bil. ; c23 cm.2 aAsociación Psicoanalítica Argentina. aES-MaACLjD-6685 bR.30786